000 00781cam a22002538a 4500
999 _c5712
_d5712
001 ocn234297176
003 OCoLC
005 20200813143540.0
008 080626s2008 enk 000 0 eng
015 _aGBA887766
_2bnb
016 7 _a014668107
_2Uk
020 _a9780199263240
049 _aTZAA
050 _aKZ21
_b.B7 2002
245 0 0 _aBritish year book of international law 2002 /
_ceditors, James Crawford and Vaughan Lowe. Vol. 73.
260 _aOxford :
_bOxford University Press,
_c2003.
300 _aviii, 1062 p.
_c24 cm
501 _aIndex
650 0 _aInternational law
_vPeriodicals.
_9600
650 0 _aDroit international
_vPériodiques
_92052
700 1 _aCrawford, James,
_d1948-
_9601
700 1 _aLowe, A. V.
_q(Alan Vaughan)
_9602
942 _2lcc
_cBOOK